Kotowate - Statystyki

Ogólne statystyki
  • Ten quiz został rozwiązany 89 razy
  • Średni wynik to 10 z 24
Statystyki odpowiedzi
Obrazkowy Hint Odpowiedź % Poprawnych
Panthera Leo Lew
100%
Panthera Tigris Tygrys
100%
Puma concolor Puma
85%
Lynx Lynx Ryś
85%
Neofelis Nebulosa Pantera
82%
Acinonyx Gepard
76%
Panthera Pardus Lampart
72%
Felis Silvestris Żbik
69%
Caracal Caracal Karakal
64%
Panthera Onca Jaguar
59%
Leptailurus Serval Serwal
59%
Felis catus Kot Domowy
57%
Otocolobus Manul Manul
43%
Panthera Uncia Irbis
42%
Leopardus Colocolo Kolokolo
11%
Pardofelis Marmorata Lamparcik
7%
Prionailurus Bengalensis Bengalski
5%
Catopuma Temminckii Mormi
4%
Felis Chaus Błotny
1%
Felis Nigripes Czarnołapy
1%
Leopardus Jacobita Ocelot Andyjski
1%
Leopardus Tigrinus Ocelot Tygrysi
1%
Felis Margarita Pustynny
1%
Felis Bieti Tybetański
1%
Nie znaleziono quizów pasujących do podanych kryteriów
Rozkład punktacji
Procent ludzi z każdym wynikiem
Percentyl według liczby udzielonych odpowiedzi
Twoja historia wyników
Nie rozwiązałeś tego quizu